Score 0/20 Timer 03:00
1 Play Today
Rhyming Clue 3-Letter Word % Correct
So at this time, and on this ___,DAY
93.3%
please let me speak, and have my ___.SAY
91.6%
'cause when tonight I go to ___BED
91.1%
I'll be the one whose face is ___.RED
90.8%
Don't ask me ___WHY
89.8%
perhaps I'll give it one more ___?TRY?
89%
it whets my mind although it's ___.DRY
88.7%
Now don't be downcast, don't be ___SAD
87.7%
if any word play comes out ___,BAD
86.7%
There'll be no sadness, I'll not ___,CRY
85.6%
Rhyming Clue 3-Letter Word % Correct
my humor's ___ --WRY
81.8%
But there's no way to keep at ___BAY
73.8%
my writing joy -- I'm just a ___BOY
69.6%
who isn't shy, though slightly ___.COY
67.4%
to lift my chin to kith and ___KIN
58.3%
Of such a blush I would be ___RID
52%
but then again I'm known to ___;KID
47%
I'll self-impose a ladder ___.BAN
38.9%
and find no blame on them to ___ --PIN
36.2%
if out these choices do not ___PAN
32.2%

Today's Daily Dose

You're not logged in!

Compare scores with friends on all Sporcle quizzes.
OR
Log In

Sporcle TV

Today on Sporcle TV


Watch our educational content, quiz creation guides, and fun videos on Sporcle TV.

Show Comments

Extras

Top Quizzes Today


Score Distribution

Your Account Isn't Verified!

In order to create a playlist on Sporcle, you need to verify the email address you used during registration. Go to your Sporcle Settings to finish the process.

Report this User

Report this user for behavior that violates our Community Guidelines.

Details: